| 000 | 00732nam a2200205Ia 4500 | ||
|---|---|---|---|
| 003 | GCL | ||
| 008 | 140319s9999 xx 000 0 ara d | ||
| 040 |
_aGCL / _cGCL |
||
| 082 | 0 | 4 |
_a189.3 _bع ف |
| 100 | 1 | _aعبدالامير شمس الدين | |
| 245 | 1 | 0 |
_aالفكر التربوى عند ابن طفيل / _cعبدالامير شمس الدين |
| 250 | _aالثانية | ||
| 260 |
_aبيروت : _bدار اقرا للنشر والتوزيع والطباعة ، _c1986 |
||
| 300 |
_aص184 ؛ _c24 سم |
||
| 490 |
_aموسوعة التربية والتعليم الاسلامية _v0 |
||
| 650 | 0 | 4 | _aالفلسفة الاسلامية |
| 650 | 0 | 4 | _aالفلسفة |
| 650 | 0 | 4 | _aابن الطفيل |
| 942 |
_2ddc _cBK |
||
| 999 |
_c30807 _d30807 |
||